| 000 | 00349nam a22001217a 4500 | ||
|---|---|---|---|
| 008 | 230619b xxu||||| |||| 00| 0 eng d | ||
| 082 |
_a305.569 _bMPND |
||
| 245 |
_aFirst Report on Poverty in Kenya _bVolume II: Poverty and Social Indicators |
||
| 260 |
_aKenya _bCentral Bureau of Statistics _c1998 |
||
| 300 | _a134p | ||
| 440 | _vII | ||
| 942 |
_2ddc _cBK |
||
| 999 |
_c1396 _d1396 |
||